Name all the songs on Stick Season - Noah Kahan - Statistics

General Stats
  • This quiz has been taken 273 times
  • The average score is 18 of 21
Answer Stats
Track Song % Correct
2 Stick Season
99%
1 Northern Attitude
95%
8 Orange Juice
94%
3 All My Love
91%
19 Call Your Mom
90%
16 Dial Drunk
90%
4 She Calls Me Back
90%
14 The View Between Villages
89%
11 Halloween
88%
6 New Perspective
88%
17 Paul Revere
88%
9 Strawberry Wine
88%
7 Everywhere Everything
86%
12 Homesick
85%
5 Come Over
82%
20 Youre gonna go far
82%
10 Growing Sideways
81%
13 Still
78%
15 Your Needs My Needs
74%
21 Forever
70%
18 No Complaints
66%
No matching quizzes found
Score Distribution
Percent of People with Each Score
Percentile by Number Answered
Your Score History
You have not taken this quiz